000 01004cam a2200181 4500
001 WB3903-06
008 030123n2003 000 0 eng u
035 _a(Sirsi) u121103
245 _aNew edition of the Green Book launched
260 _c2003
490 _aHM Treasury Press Release
_v(04/03) 16 January 2003, (2)
520 _aThe HM Treasury has launched a new version of "Appraisal and evaluation in central government", which is the public sector guide on value for money. This is also known as the 'Green Book'. This follows a period of consultation on the revised draft, which ended on 18 October 2002. It confirms a 3.5% basic discount rate for calculating the current value of long-term transactions.The new requirements come into effect in April 2003. http://www.hm-treasury.gov.uk/Newsroom_and_Speeches/Press/2003/press_04_03.cfm?
590 _aWB
650 _aGREEN BOOK
650 _aVALUE FOR MONEY
690 _aMANAGEMENT-BUSINESS MANAGEMENT-FINANCIAL MANAGEMENT
942 _n0
999 _c71963
_d71963